| 000 | 00939cam a2200217 a 4500 | ||
|---|---|---|---|
| 999 |
_c1213 _d1213 |
||
| 020 | _a9780750667852 (pbk.) | ||
| 020 | _a0750667850 (pbk.) | ||
| 050 | 0 | 0 |
_aTS156 _b.H692 2006 |
| 100 | 1 | _aHoyle, David. | |
| 245 | 1 | 0 |
_aISO 9000 quality systems handbook / _cDavid Hoyle. |
| 250 | _a5th ed. | ||
| 260 |
_aAmsterdam ; _aBoston : _bButterworth-Heinemann, _c2006. |
||
| 300 |
_axii, 686 p. : _bill. ; _c24 cm. |
||
| 500 | _aPrevious ed.: 2001. | ||
| 505 | _aCh. 1. Basic concepts -- Ch. 2. Perceptions of ISO 9000 and its derivatives -- Ch. 3. Role, origins and application of ISO 9000 -- Ch. 4. Quality management system -- Ch. 5. Management responsibility -- Ch. 6. Resource management -- Ch. 7. Product realization -- Ch. 8. Measurement, analysis and improvemen | ||
| 650 | 0 | _aQuality control. | |
| 650 | 0 | _aTotal quality management. | |
| 650 | 0 |
_aQuality control _xStandards. |
|
| 650 | 0 | _aISO 9000 Series Standards | |
| 942 | _cBK | ||